| 000 -LEADER |
| fixed length control field |
00444nam a22001815a 4500 |
| 003 - CONTROL NUMBER IDENTIFIER |
| control field |
OSt |
| 005 - DATE AND TIME OF LATEST TRANSACTION |
| control field |
20200312074014.0 |
| 008 - FIXED-LENGTH DATA ELEMENTS--GENERAL INFORMATION |
| fixed length control field |
120614s2013 nyu 000 0 eng |
| 020 ## - INTERNATIONAL STANDARD BOOK NUMBER |
| International Standard Book Number |
9781285061023 |
| 040 ## - CATALOGING SOURCE |
| Original cataloging agency |
DLC |
| Transcribing agency |
DLC |
| 082 ## - DEWEY DECIMAL CLASSIFICATION NUMBER |
| Classification number |
692.1 |
| Item number |
HUT |
| 245 00 - TITLE STATEMENT |
| Title |
Understanding construction drawings. |
| 250 ## - EDITION STATEMENT |
| Edition statement |
6th ed. |
| 260 ## - PUBLICATION, DISTRIBUTION, ETC. (IMPRINT) |
| Place of publication, distribution, etc |
Clifton Park, NY : |
| Name of publisher, distributor, etc |
Delmar - Cengage Learning, |
| Date of publication, distribution, etc |
2013. |
| 263 ## - PROJECTED PUBLICATION DATE |
| Projected publication date |
1302 |
| 300 ## - PHYSICAL DESCRIPTION |
| Extent |
p. cm. |
| 942 ## - ADDED ENTRY ELEMENTS (KOHA) |
| Source of classification or shelving scheme |
|